Statystyki dla Wszystkie przystanki linii autobusowej 121 - Wrocław

Kliknij tutaj aby rozwiązać quiz!

Ogólne statystyki

  • Ten quiz został rozwiązany 9 razy
  • Średni wynik to 17 z 21

Statystyki odpowiedzi

PodpowiedźPrzystanek% Poprawnych
Brucknera
100%
Bujwida
100%
Centrum Handlowe Korona
100%
Plac Grunwaldzki
100%
Psie Pole
100%
Psie Pole Rondo Lotników Polskich
100%
Reja
100%
Kochanowskiego
88%
Kwidzyńska
88%
Śniadeckich
88%
na życzenieZacisze
88%
na życzenieZielna
88%
Kiełczowska-cmentarz
75%
Żmudzka
75%
na życzenieŻmudzka
75%
Litewska
63%
na życzenieGorlicka
50%
Inflancka
50%
na życzenieKowieńska
50%
na życzenieMulicka
50%
Szewczenki
38%

Rozkład punktacji

Percentyl według liczby udzielonych odpowiedzi

Procent ludzi z każdym wynikiem

Twoja historia wyników

Nie rozwiązałeś tego quizu